000 00320nam a2200109Ia 4500
008 200302s9999 xx 000 0 und d
100 _aMichael Bayer and Others
245 _aBecoming an urban plannerq A Guide to carers in planning and urban design
260 _bJohn Willey and sons, Inc
260 _c2010
300 _a320
999 _c5942
_d5942